[Event "Toronto1"]
[Site "Toronto CAN"]
[Date "1990.??.??"]
[Round "4"]
[White "Piasetski, Leon"]
[Black "O'Donnell, Tom"]
[Result "1/2-1/2"]
[WhiteElo "2415"]
[BlackElo "2410"]
[PlyCount "130"]
[GameId "2160767912481299"]
[EventDate "1990.04.??"]
[EventType "tourn"]
[EventRounds "11"]
[EventCountry "CAN"]
[EventCategory "9"]
[SourceTitle "CBM 020"]
[Source "ChessBase"]
[SourceDate "2004.01.01"]
[SourceVersion "1"]
[SourceVersionDate "2004.01.01"]
[SourceQuality "1"]

1. c4 e6 2. Nc3 d5 3. cxd5 exd5 4. d4 c6 5. Qc2 Ne7 6. Bg5 f6 7. Bf4 Bf5 8. Qd2 Ng6 9. Bg3 Na6 10. e3 Nc7 11. Nge2 Bd6 12. Bxd6 Qxd6 13. Ng3 Bd7 14. Bd3 Ne7 15. Rb1 f5 16. b4 O-O 17. Nge2 Ne6 18. f4 b6 19. O-O Kh8 20. Kh1 Be8 21. Rfc1 Ng8 22. Ng1 Bh5 23. Nce2 Bxe2 24. Qxe2 Rae8 25. Qd2 c5 26. bxc5 bxc5 27. dxc5 Nxc5 28. Nf3 Nxd3 29. Qxd3 Nf6 30. Ne5 Ng4 31. Nxg4 fxg4 32. Rb5 Qe6 33. Rxd5 Qxe3 34. Qxe3 Rxe3 35. Ra5 h6 36. g3 Re2 37. Rxa7 Rd8 38. Ra5 Rdd2 39. Rh5 Rxa2 40. Rh4 Kh7 41. Rxg4 Rxh2+ 42. Kg1 Rag2+ 43. Kf1 Rf2+ 44. Kg1 Rfg2+ 45. Kf1 Ra2 46. Kg1 Rhb2 47. f5 Rg2+ 48. Kh1 Rgf2 49. Rf4 Rxf4 50. gxf4 Ra4 51. Kg2 Rxf4 52. Rc5 Kg8 53. Kg3 Ra4 54. Rc7 h5 55. Rb7 Rg4+ 56. Kf3 Rg1 57. Kf4 Rg4+ 58. Kf3 Rc4 59. Kg3 Rc1 60. Kh4 Rh1+ 61. Kg5 h4 62. Kg4 h3 63. Kg3 h2 64. Kg2 Rf1 65. Kxh2 Rxf5 1/2-1/2

[Event "Toronto1"]
[Site "Toronto CAN"]
[Date "1990.??.??"]
[Round "6"]
[White "O'Donnell, Tom"]
[Black "Vranesic, Zvonko"]
[Result "1-0"]
[WhiteElo "2410"]
[BlackElo "2335"]
[PlyCount "73"]
[GameId "2160767912481309"]
[EventDate "1990.04.??"]
[EventType "tourn"]
[EventRounds "11"]
[EventCountry "CAN"]
[EventCategory "9"]
[SourceTitle "CBM 020"]
[Source "ChessBase"]
[SourceDate "2004.01.01"]
[SourceVersion "1"]
[SourceVersionDate "2004.01.01"]
[SourceQuality "1"]

1. e4 c6 2. d4 d5 3. Nd2 dxe4 4. Nxe4 Bf5 5. Ng3 Bg6 6. h4 h6 7. Nf3 Nd7 8. h5 Bh7 9. Bd3 Bxd3 10. Qxd3 Qc7 11. Bd2 e6 12. O-O-O Ngf6 13. Ne4 O-O-O 14. g3 Nxe4 15. Qxe4 Nf6 16. Qe2 Bd6 17. Ne5 c5 18. Rh4 Kb8 19. Nc4 Ka8 20. Qf3 Nd5 21. Ba5 b6 22. Nxd6 Rxd6 23. dxc5 Rc6 24. cxb6 Rxc2+ 25. Kb1 Qb7 26. Rf4 axb6 27. Rxd5 exd5 28. Kxc2 bxa5 29. Rxf7 Rc8+ 30. Kb1 Qb5 31. a3 a4 32. Qd1 Rb8 33. Qc2 d4 34. Qe4+ Rb7 35. Rxb7 Qxb7 36. Qxb7+ Kxb7 37. b4 1-0

[Event "Toronto1"]
[Site "Toronto CAN"]
[Date "1990.??.??"]
[Round "7"]
[White "Kovacevic, Vlatko"]
[Black "O'Donnell, Tom"]
[Result "1-0"]
[WhiteElo "2540"]
[BlackElo "2410"]
[PlyCount "97"]
[GameId "2160767739985457"]
[EventDate "1990.04.??"]
[EventType "tourn"]
[EventRounds "11"]
[EventCountry "CAN"]
[EventCategory "9"]
[SourceTitle "CBM 020"]
[Source "ChessBase"]
[SourceDate "2004.01.01"]
[SourceVersion "1"]
[SourceVersionDate "2004.01.01"]
[SourceQuality "1"]

1. d4 d5 2. Nf3 e6 3. Bf4 Nf6 4. e3 Be7 5. Nbd2 O-O 6. Bd3 b6 7. Ne5 Bb7 8. Qf3 Nbd7 9. h4 Nxe5 10. dxe5 Nd7 11. O-O-O Nc5 12. Bxh7+ Kxh7 13. Qh5+ Kg8 14. Nf3 f6 15. Ng5 fxg5 16. hxg5 Rf5 17. g4 Rxg5 18. Bxg5 Bxg5 19. f4 Bh6 20. g5 Qe8 21. Qh4 Kh7 22. Rdg1 Ne4 23. Rg4 d4 24. gxh6 g5 25. fxg5 Qg6 26. exd4 Nf2 27. Rf1 Nxg4 28. Qxg4 Rg8 29. Rf6 Qxg5+ 30. Qxg5 Rxg5 31. Rxe6 Be4 32. Re7+ Kxh6 33. Rxc7 a5 34. c4 Rg2 35. b3 Kg6 36. e6 Kf6 37. d5 Rg8 38. Rb7 Ke5 39. Rxb6 Kd4 40. e7 Kc3 41. Kd1 Kd3 42. Ke1 Ke3 43. Rf6 a4 44. b4 a3 45. b5 Rc8 46. Ra6 Rh8 47. Rxa3+ Bd3 48. Rxd3+ Kxd3 49. Kf2 {Ftacnik,L} 1-0

[Event "Toronto1"]
[Site "Toronto CAN"]
[Date "1990.??.??"]
[Round "8"]
[White "O'Donnell, Tom"]
[Black "Tukmakov, Vladimir"]
[Result "1/2-1/2"]
[WhiteElo "2410"]
[BlackElo "2570"]
[PlyCount "95"]
[GameId "2160767912481318"]
[EventDate "1990.04.??"]
[EventType "tourn"]
[EventRounds "11"]
[EventCountry "CAN"]
[EventCategory "9"]
[SourceTitle "CBM 020"]
[Source "ChessBase"]
[SourceDate "2004.01.01"]
[SourceVersion "1"]
[SourceVersionDate "2004.01.01"]
[SourceQuality "1"]

1. e4 c5 2. Nf3 d6 3. Bb5+ Nd7 4. d4 Ngf6 5. e5 Qa5+ 6. Nc3 Ne4 7. Bd2 Nxc3 8. Bxd7+ Bxd7 9. Bxc3 Qa6 10. Qd2 O-O-O 11. a3 Bc6 12. Qe3 dxe5 13. dxe5 Qc4 14. Rd1 Qe4 15. Rxd8+ Kxd8 16. O-O Qxe3 17. fxe3 h6 18. e6 Bxf3 19. Rxf3 fxe6 20. Rf4 Rg8 21. Rc4 g6 22. Rxc5 Bg7 23. Bd4 Kd7 24. Kf2 Rf8+ 25. Ke2 Bxd4 26. exd4 Rf5 27. c4 Rf4 28. Ke3 Rf1 29. Rb5 b6 30. a4 Rc1 31. a5 Rxc4 32. axb6 axb6 33. Rxb6 Rc2 34. Rb7+ Ke8 35. Kf3 Rd2 36. Rb4 Kd7 37. h3 Kd6 38. Rb8 Kd7 39. Rg8 Rd3+ 40. Kf2 Rd2+ 41. Kg1 g5 42. Rg6 Rxb2 43. Rxh6 g4 44. hxg4 Rd2 45. g5 Rxd4 46. g6 e5 47. Rh5 Rg4 48. Rxe5 1/2-1/2

[Event "Toronto1"]
[Site "Toronto CAN"]
[Date "1990.??.??"]
[Round "10"]
[White "O'Donnell, Tom"]
[Black "Marovic, Drazen"]
[Result "1/2-1/2"]
[WhiteElo "2410"]
[BlackElo "2470"]
[PlyCount "175"]
[GameId "2160767912481329"]
[EventDate "1990.04.??"]
[EventType "tourn"]
[EventRounds "11"]
[EventCountry "CAN"]
[EventCategory "9"]
[SourceTitle "CBM 020"]
[Source "ChessBase"]
[SourceDate "2004.01.01"]
[SourceVersion "1"]
[SourceVersionDate "2004.01.01"]
[SourceQuality "1"]

1. e4 c6 2. d4 d5 3. Nd2 dxe4 4. Nxe4 Nf6 5. Nxf6+ gxf6 6. Nf3 Bf5 7. g3 Qd5 8. c3 Nd7 9. Bg2 Qc4 10. Qd2 a5 11. b3 Qe6+ 12. Qe2 a4 13. Bb2 axb3 14. axb3 Rxa1+ 15. Bxa1 Qxb3 16. O-O e6 17. d5 Qxd5 18. Nd4 Qe5 19. Qa2 Bd3 20. Rd1 Ba6 21. Bxc6 Bd6 22. c4 Qc5 23. Nb5 Qxc6 24. Rxd6 Qc5 25. Qd2 Bxb5 26. cxb5 Qxb5 27. Bxf6 Rg8 28. Bb2 Rg6 29. Qc3 e5 30. Rxg6 hxg6 31. Qc8+ Ke7 32. Ba3+ Kf6 33. Qh8+ Kf5 34. Qh3+ Ke4 35. Qg2+ Kd4 36. Qf3 Qb1+ 37. Kg2 Qe4 38. Qxe4+ Kxe4 39. f3+ Kd3 40. h4 f5 41. g4 fxg4 42. fxg4 Nf6 43. Kg3 Ne4+ 44. Kg2 Nf6 45. Kg3 e4 46. Be7 Nd5 47. Bg5 e3 48. h5 gxh5 49. gxh5 e2 50. Kf2 Nc3 51. Ke1 Ne4 52. Be7 Nd2 53. Bb4 Nf3+ 54. Kf2 Ne5 55. Kg3 Kc4 56. Bd2 Kd3 57. Bb4 Nf7 58. Kf2 b5 59. Ba5 Ne5 60. Bb4 Ng4+ 61. Kf3 Nh6 62. Ba5 Nf5 63. Kf4 Kc4 64. Kf3 Nd4+ 65. Kf2 b4 66. h6 e1=Q+ 67. Kxe1 b3 68. Bc3 Kxc3 69. h7 b2 70. h8=Q b1=Q+ 71. Kf2 Qf5+ 72. Kg3 Qf3+ 73. Kh2 Qf4+ 74. Kh1 Kd3 75. Qh3+ Nf3 76. Qf1+ Ke3 77. Qf2+ Kd3 78. Qf1+ Kd4 79. Qf2+ Kd5 80. Qa2+ Ke5 81. Qb2+ Kf5 82. Qc2+ Kg4 83. Qg2+ Kh5 84. Qe2 Qg4 85. Qe8+ Kh4 86. Qh8+ Kg3 87. Qb8+ Kf2 88. Qg3+ 1/2-1/2

[Event "CAN-op"]
[Site "Edmonton CAN"]
[Date "1989.07.15"]
[Round "1"]
[White "Eriksson, R."]
[Black "O'Donnell, Tom"]
[Result "0-1"]
[WhiteElo "1787"]
[BlackElo "2514"]
[PlyCount "134"]
[GameId "2160767912519046"]
[EventDate "1989.07.15"]
[EventType "swiss"]
[EventRounds "10"]
[EventCountry "CAN"]
[SourceTitle "Albertabase"]
[SourceDate "2003.08.17"]
[SourceVersion "1"]
[SourceVersionDate "2003.08.17"]
[SourceQuality "1"]

1. Nf3 d5 2. g3 Nf6 3. Bg2 c6 4. O-O Bf5 5. d3 e6 6. Nbd2 Bc5 7. e3 a5 8. Nb3 Be7 9. Nbd4 Bg4 10. Qd2 Nfd7 11. h3 Bh5 12. Rb1 O-O 13. Ne2 f5 14. Nf4 Bf7 15. d4 g5 16. Nd3 h5 17. Nfe5 Nf6 18. Qe2 Nbd7 19. Nxd7 Qxd7 20. Ne5 Qe8 21. Bd2 b5 22. Rbc1 Kg7 23. Qe1 Bd8 24. b3 Ne4 25. Bxe4 dxe4 26. Bc3 Kh7 27. Bd2 Bc7 28. Nxf7 Qxf7 29. Qe2 Qg6 30. Kh1 Rf7 31. Rg1 Qh6 32. Rg2 Raf8 33. Rf1 h4 34. g4 Qg6 35. Be1 f4 36. exf4 Rxf4 37. Bd2 Rf3 38. Rh2 e3 39. Bxe3 Bxh2 40. Kxh2 Qe4 41. Re1 Kg8 42. c4 b4 43. d5 exd5 44. Bc5 Qxe2 45. Rxe2 R8f7 46. cxd5 cxd5 47. Re5 Rd7 48. Rxg5+ Kf7 49. Kg2 Rd3 50. f4 Rg3+ 51. Kf2 Rxh3 52. Rh5 Kg8 53. Bd4 Rd3 54. Be5 Rh7 55. Rxh7 Kxh7 56. f5 h3 57. g5 Rd2+ 58. Ke3 Rg2 59. g6+ Kg8 60. Kd4 h2 61. f6 Rxg6 62. Bxh2 Rg2 63. Be5 Rd2+ 64. Kc5 Kf7 65. Bd4 Rxa2 66. Kxd5 Rc2 67. Bb6 a4 0-1

[Event "CAN-op"]
[Site "Edmonton CAN"]
[Date "1989.07.17"]
[Round "4"]
[White "O'Donnell, Tom"]
[Black "South, Robert"]
[Result "1/2-1/2"]
[WhiteElo "2514"]
[BlackElo "2307"]
[PlyCount "58"]
[GameId "2160767912519057"]
[EventDate "1989.07.15"]
[EventType "swiss"]
[EventRounds "10"]
[EventCountry "CAN"]
[SourceTitle "Albertabase"]
[SourceDate "2003.08.17"]
[SourceVersion "1"]
[SourceVersionDate "2003.08.17"]
[SourceQuality "1"]

1. e4 e5 2. Nf3 Nc6 3. Bb5 Bc5 4. O-O Nf6 5. Nxe5 Nxe5 6. d4 c6 7. Be2 Bb6 8. dxe5 Nxe4 9. Nd2 Nxd2 10. Qxd2 O-O 11. b3 d5 12. exd6 Bc5 13. Bb2 Bxd6 14. Qc3 Qf6 15. Qxf6 gxf6 16. Bxf6 Bf5 17. Rad1 Rfe8 18. Bc4 Be5 19. Bxe5 Rxe5 20. f4 Re3 21. Rd2 Rae8 22. Kf2 h5 23. Rc1 R3e4 24. g3 Bg4 25. c3 Re3 26. Rcc2 Rf3+ 27. Kg2 Rfe3 28. Kf2 Rf3+ 29. Kg2 Rfe3 1/2-1/2

[Event "CAN-op"]
[Site "Edmonton CAN"]
[Date "1989.07.19"]
[Round "6"]
[White "O'Donnell, Tom"]
[Black "Tukmakov, Vladimir"]
[Result "0-1"]
[WhiteElo "2514"]
[BlackElo "2590"]
[PlyCount "86"]
[GameId "2160767912519064"]
[EventDate "1989.07.15"]
[EventType "swiss"]
[EventRounds "10"]
[EventCountry "CAN"]
[SourceTitle "Inf 48"]

1. e4 c5 2. c3 Nf6 3. e5 Nd5 4. d4 cxd4 5. Nf3 Nc6 6. Bc4 Nb6 7. Bb3 d6 8. exd6 Qxd6 9. O-O Be6 10. Bxe6 Qxe6 11. Nxd4 Nxd4 12. Qxd4 Rd8 13. Qf4 g6 14. Na3 Bg7 15. Qc7 Qd5 16. Be3 Be5 17. Qc5 Qxc5 18. Bxc5 Na4 19. Bxa7 Nxb2 20. Rab1 Bxc3 21. Rfc1 Bf6 22. Rc7 O-O 23. g3 Rd5 24. Rxb7 Ra5 25. Nc2 Nc4 26. a3 Ra8 27. Rc7 Nxa3 28. Nxa3 R5xa7 29. Rxa7 Rxa7 30. Nc4 Bd4 31. Re1 Ra4 32. Ne3 Ra2 33. g4 f5 34. gxf5 gxf5 35. Rd1 Bxe3 36. fxe3 Kf7 37. Rf1 Ke6 38. Rf3 Ke5 39. Rh3 Ke4 40. Rxh7 e5 41. Rf7 Re2 42. h4 Rxe3 43. Kg2 f4 0-1

[Event "CAN-op"]
[Site "Edmonton CAN"]
[Date "1989.07.21"]
[Round "8"]
[White "O'Donnell, Tom"]
[Black "Gardner, Robert"]
[Result "1-0"]
[WhiteElo "2514"]
[BlackElo "2236"]
[PlyCount "49"]
[GameId "2160767912519078"]
[EventDate "1989.07.15"]
[EventType "swiss"]
[EventRounds "10"]
[EventCountry "CAN"]
[SourceTitle "EXT 2017"]
[Source "ChessBase"]
[SourceDate "2016.10.25"]
[SourceVersion "1"]
[SourceVersionDate "2016.10.25"]
[SourceQuality "1"]

1. e4 c5 2. c3 Qa5 3. Nf3 Nf6 4. Bd3 d6 5. h3 Nbd7 6. O-O Qc7 7. Bc2 c4 8. Re1 g6 9. b3 b5 10. a4 cxb3 11. Bxb3 Nc5 12. e5 Nxb3 13. Qxb3 bxa4 14. Qxa4+ Bd7 15. Qh4 dxe5 16. Nxe5 Be6 17. Nxg6 Rg8 18. Nf4 Qc6 19. d4 Nd5 20. Nxe6 Ne3 21. d5 Nxg2 22. Qxh7 Nxe1+ 23. Qxg8 Qc4 24. Qxf8+ Kd7 25. Rxa7+ 1-0

[Event "CAN-op"]
[Site "Edmonton CAN"]
[Date "1989.07.22"]
[Round "9"]
[White "Kuznecov, Alex"]
[Black "O'Donnell, Tom"]
[Result "1-0"]
[WhiteElo "2362"]
[BlackElo "2514"]
[PlyCount "73"]
[GameId "2160767912519086"]
[EventDate "1989.07.15"]
[EventType "swiss"]
[EventRounds "10"]
[EventCountry "CAN"]
[SourceTitle "EXT 2017"]
[Source "ChessBase"]
[SourceDate "2016.10.25"]
[SourceVersion "1"]
[SourceVersionDate "2016.10.25"]
[SourceQuality "1"]

1. e4 c5 2. Nf3 d6 3. d4 cxd4 4. Nxd4 Nf6 5. Nc3 g6 6. Be3 Bg7 7. f3 O-O 8. Bc4 Nc6 9. Qd2 Bd7 10. O-O-O Rc8 11. Bb3 Ne5 12. Bg5 Nc4 13. Bxc4 Rxc4 14. Nb3 Ne8 15. Nd5 f6 16. Be3 b5 17. Kb1 e6 18. Nf4 f5 19. exf5 Rxf5 20. Ne2 Qc7 21. Ng3 Rd5 22. Qf2 Nf6 23. Bxa7 Rxd1+ 24. Rxd1 Nd5 25. Bd4 Bh6 26. Ne4 e5 27. Ba7 Nb4 28. Bb6 Qb7 29. Na5 Qa8 30. Nf6+ Kg7 31. Nxd7 Rxc2 32. Qh4 g5 33. Qxb4 Qc8 34. Qxd6 g4 35. Qxe5+ Kg8 36. Qe6+ Kg7 37. Bd4# 1-0

[Event "CAN-op"]
[Site "Edmonton CAN"]
[Date "1989.07.23"]
[Round "10"]
[White "O'Donnell, Tom"]
[Black "Huber, Gregory"]
[Result "1/2-1/2"]
[WhiteElo "2514"]
[BlackElo "2118"]
[PlyCount "122"]
[GameId "2160767912519100"]
[EventDate "1989.07.15"]
[EventType "swiss"]
[EventRounds "10"]
[EventCountry "CAN"]
[SourceTitle "EXT 2017"]
[Source "ChessBase"]
[SourceDate "2016.10.25"]
[SourceVersion "1"]
[SourceVersionDate "2016.10.25"]
[SourceQuality "1"]

1. e4 e6 2. d4 c5 3. c3 b6 4. Nf3 Bb7 5. Bd3 Nc6 6. a3 d5 7. e5 Qc8 8. b4 Nge7 9. O-O Ba6 10. b5 c4 11. bxa6 cxd3 12. Qxd3 Nb8 13. a4 Qxa6 14. Qb5+ Nec6 15. Ba3 Qxb5 16. axb5 Na5 17. Bb4 a6 18. Na3 Nb7 19. Bxf8 Rxf8 20. c4 axb5 21. cxd5 exd5 22. Nxb5 Rxa1 23. Rxa1 Kd7 24. Rc1 Nc6 25. e6+ fxe6 26. Ne5+ Nxe5 27. Rc7+ Kd8 28. dxe5 Nc5 29. Rxg7 Rf4 30. g3 Rb4 31. Na7 Rb1+ 32. Kg2 b5 33. Nc6+ Kc8 34. Rxh7 b4 35. Nxb4 Rxb4 36. h4 d4 37. Ra7 d3 38. Ra1 Nb3 39. Rd1 d2 40. h5 Kd7 41. h6 Ke7 42. h7 Rb8 43. Rb1 Rh8 44. Kf3 Nc1 45. Rb7+ Kd8 46. Rb8+ Kc7 47. Rxh8 d1=Q+ 48. Kg2 Qd5+ 49. f3 Qd2+ 50. Kh3 Qh6+ 51. Kg2 Qd2+ 52. Kh3 Qg5 53. Kg2 Ne2 54. Rg8 Nf4+ 55. Kg1 Qxe5 56. gxf4 Qe1+ 57. Kg2 Qe2+ 58. Kg3 Qe1+ 59. Kg2 Qe2+ 60. Kg3 Qe1+ 61. Kg2 Qe2+ 1/2-1/2

[Event "Paul Keres mem. (14th)"]
[Site "Vancouver CAN"]
[Date "1989.05.20"]
[Round "3"]
[White "O'Donnell, Tom"]
[Black "Braley, John"]
[Result "1-0"]
[WhiteElo "2395"]
[BlackElo "2215"]
[PlyCount "74"]
[GameId "2160767912519369"]
[EventDate "1989.05.19"]
[EventType "swiss"]
[EventRounds "7"]
[EventCountry "CAN"]
[SourceTitle "EXT 2022"]
[Source "ChessBase"]
[SourceDate "2021.10.06"]
[SourceVersion "1"]
[SourceVersionDate "2021.10.06"]
[SourceQuality "1"]

1. e4 g6 2. d4 d6 3. Nc3 a6 4. a4 Bg7 5. Be3 Nf6 6. h3 O-O 7. Nf3 e5 8. dxe5 dxe5 9. Bc4 Qe7 10. O-O Nc6 11. Qe2 h6 12. Rfd1 Nb4 13. Nh2 Bd7 14. f3 Rfd8 15. Rd2 Be6 16. Rad1 Bxc4 17. Qxc4 Bf8 18. Kf1 Rxd2 19. Rxd2 b6 20. Ng4 Nxg4 21. hxg4 Rd8 22. Nb1 Rxd2 23. Nxd2 b5 24. Qb3 Qh4 25. axb5 axb5 26. Qc3 Qh1+ 27. Bg1 Bd6 28. Nb3 h5 29. gxh5 gxh5 30. Qd2 h4 31. c3 h3 32. cxb4 Be7 33. Qf2 Bg5 34. Qg3 hxg2+ 35. Qxg2 Qh4 36. Qf2 Qh3+ 37. Ke2 Kg7 1-0

[Event "Alberta-ch"]
[Site "Calgary CAN"]
[Date "1989.??.??"]
[Round "?"]
[White "Peter, Steven"]
[Black "O'Donnell, Tom"]
[Result "1-0"]
[WhiteElo "2302"]
[BlackElo "2415"]
[PlyCount "89"]
[GameId "2160767912519394"]
[EventDate "1989.05.06"]
[EventType "tourn"]
[EventRounds "7"]
[EventCountry "CAN"]

1. e4 c5 2. Nf3 d6 3. d4 cxd4 4. Nxd4 Nf6 5. Nc3 g6 6. Be3 Bg7 7. f3 O-O 8. Qd2 Nc6 9. O-O-O Nxd4 10. Bxd4 Be6 11. Kb1 Qc7 12. g4 Rfc8 13. g5 Nh5 14. Bxg7 Nxg7 15. Nd5 Bxd5 16. exd5 Qc5 17. Bh3 Rc7 18. Bg4 a5 19. h4 Nh5 20. Rhe1 a4 21. a3 Ra5 22. Re4 Ng7 23. Rb4 b5 24. Qe2 Kf8 25. f4 Rb7 26. h5 gxh5 27. Bxh5 Nf5 28. Qe4 e6 29. dxe6 Re7 30. Bxf7 Raa7 31. Rd5 Qg1+ 32. Ka2 Rxf7 33. exf7 Re7 34. Qxf5 Re1 35. Qc8+ Kxf7 36. g6+ hxg6 37. Qd7+ Kg8 38. Rxa4 bxa4 39. Qxa4 Re6 40. Qc4 Kh7 41. Rxd6 Rxd6 42. Qc7+ Kh6 43. Qxd6 Qf1 44. Qd4 Kh5 45. Qe4 1-0

[Event "Vancouver inv"]
[Site "Vancouver CAN"]
[Date "1989.04.15"]
[Round "1"]
[White "Fullbrook, Nigel"]
[Black "O'Donnell, Tom"]
[Result "1/2-1/2"]
[WhiteElo "2265"]
[BlackElo "2395"]
[PlyCount "142"]
[GameId "2160767912519492"]
[EventDate "1989.04.15"]
[EventType "tourn"]
[EventRounds "9"]
[EventCountry "CAN"]
[SourceTitle "EXT 2003"]
[Source "ChessBase"]
[SourceDate "2002.11.25"]
[SourceVersion "1"]
[SourceVersionDate "2002.11.25"]
[SourceQuality "1"]

1. e4 c5 2. Nf3 d6 3. d4 cxd4 4. Nxd4 Nf6 5. Nc3 g6 6. f4 Nc6 7. Nf3 Bg7 8. Bd3 Qb6 9. Bd2 O-O 10. Qe2 Bg4 11. Qf2 Qxf2+ 12. Kxf2 Rfc8 13. Rae1 Nd7 14. Rhf1 Nc5 15. Kg3 Bxf3 16. Rxf3 Nd4 17. Rf2 e6 18. Rd1 b5 19. Be1 a5 20. Nb1 f5 21. exf5 Nxf5+ 22. Kh3 b4 23. Bxf5 gxf5 24. c3 Ne4 25. Re2 bxc3 26. Bxc3 Bxc3 27. Nxc3 Rxc3+ 28. bxc3 Nxc3 29. Red2 Nxd1 30. Rxd1 d5 31. Rb1 Kf7 32. Rb7+ Kf6 33. Kg3 Rc8 34. a4 Rc3+ 35. Kf2 Rc4 36. g3 h5 37. Rh7 Rc2+ 38. Kf3 Rxh2 39. Ra7 Ra2 40. Rxa5 Ra3+ 41. Kf2 Rc3 42. Ra8 Ke7 43. a5 Kd7 44. a6 Rc8 45. Ra7+ Kc6 46. Re7 Kd6 47. Rh7 d4 48. Ke2 Kd5 49. Rxh5 Rc2+ 50. Kf3 Rc3+ 51. Kf2 Ra3 52. g4 Ke4 53. gxf5 exf5 54. Rh6 Ra2+ 55. Kg3 Ra3+ 56. Kf2 Kxf4 57. Ke2 d3+ 58. Kd2 Kf3 59. Rd6 Ke4 60. Re6+ Kd5 61. Rf6 Ke5 62. Rb6 f4 63. a7 Ke4 64. Rb4+ Kf3 65. Rb7 Kf2 66. Rf7 f3 67. Rg7 Ra2+ 68. Kxd3 Kf1 69. Rf7 f2 70. Kc4 Rc2+ 71. Kb5 Ra2 1/2-1/2

[Event "Vancouver inv"]
[Site "Vancouver CAN"]
[Date "1989.04.??"]
[Round "3"]
[White "Basanta, Gary"]
[Black "O'Donnell, Tom"]
[Result "0-1"]
[WhiteElo "2260"]
[BlackElo "2395"]
[PlyCount "98"]
[GameId "2160767912519501"]
[EventDate "1989.04.15"]
[EventType "tourn"]
[EventRounds "9"]
[EventCountry "CAN"]
[SourceTitle "EXT 2003"]
[Source "ChessBase"]
[SourceDate "2002.11.25"]
[SourceVersion "1"]
[SourceVersionDate "2002.11.25"]
[SourceQuality "1"]

1. e4 c5 2. Nf3 d6 3. d4 cxd4 4. Nxd4 Nf6 5. Nc3 g6 6. Be2 Bg7 7. O-O O-O 8. Bg5 Nc6 9. Nb3 a6 10. a4 Be6 11. f4 Na5 12. Kh1 Rc8 13. e5 Nxb3 14. cxb3 dxe5 15. Qxd8 Rfxd8 16. fxe5 Nd5 17. Nxd5 Rxd5 18. Bxe7 Bxe5 19. Bc4 Rd7 20. Bf6 Bxc4 21. bxc4 Bxf6 22. Rxf6 Rxc4 23. b3 Rb4 24. Rf3 Rd6 25. Raf1 f5 26. Rc1 Rdb6 27. Rc8+ Kg7 28. Rc7+ Kf6 29. Kg1 Rxb3 30. Rxb3 Rxb3 31. Rxh7 Rb2 32. h4 a5 33. h5 gxh5 34. Rxh5 Kg6 35. Rh8 Kg5 36. Rh7 Kg4 37. Rg7+ Kf4 38. Re7 Kg5 39. Kh2 Kf6 40. Rc7 b6 41. Kg3 Rb4 42. Kf3 f4 43. Rh7 Kg5 44. Rg7+ Kf5 45. Rf7+ Ke5 46. Rb7 Kd5 47. Rd7+ Ke6 48. Rd2 Rxa4 49. Ke2 Kf5 0-1

[Event "Vancouver inv"]
[Site "Vancouver CAN"]
[Date "1989.04.??"]
[Round "6"]
[White "Dubisch, Ralph"]
[Black "O'Donnell, Tom"]
[Result "1/2-1/2"]
[WhiteElo "2270"]
[BlackElo "2395"]
[PlyCount "106"]
[GameId "2160767912519516"]
[EventDate "1989.04.15"]
[EventType "tourn"]
[EventRounds "9"]
[EventCountry "CAN"]
[SourceTitle "EXT 2003"]
[Source "ChessBase"]
[SourceDate "2002.11.25"]
[SourceVersion "1"]
[SourceVersionDate "2002.11.25"]
[SourceQuality "1"]

1. e4 c5 2. Nf3 d6 3. d4 cxd4 4. Nxd4 Nf6 5. Nc3 g6 6. g3 Nc6 7. Bg2 Nxd4 8. Qxd4 Bg7 9. b3 O-O 10. Bb2 Nd7 11. Qd2 Rb8 12. a4 b6 13. O-O Bb7 14. Rfe1 Nc5 15. Ra2 Rc8 16. Nd5 Bxb2 17. Rxb2 e6 18. Nb4 Qf6 19. c4 Rc7 20. Rbb1 Rd8 21. Na2 Rcd7 22. Nc3 Qg7 23. Qc2 Na6 24. Rbd1 Nb4 25. Qc1 h5 26. Rd2 Qe5 27. Red1 h4 28. Qb2 Bc6 29. gxh4 a6 30. Ne2 Qxb2 31. Rxb2 Kg7 32. f4 Kf6 33. Rbd2 Ke7 34. Kf2 Rh8 35. Kg3 Rdd8 36. Bf3 Ba8 37. Nd4 f6 38. Nc2 Nxc2 39. Rxc2 e5 40. fxe5 dxe5 41. Rcd2 Rxd2 42. Rxd2 Ke6 43. h5 gxh5 44. h4 a5 45. Kf2 Ke7 46. Ke3 Bc6 47. Rg2 Be8 48. Kd3 Bf7 49. Kc3 Rd8 50. Rg7 Kf8 51. Rg1 Rd4 52. Rd1 Rxd1 53. Bxd1 Ke7 1/2-1/2

[Event "Mixed Masters inv."]
[Site "Calgary CAN"]
[Date "1989.??.??"]
[Round "?"]
[White "Reeve, Jeff"]
[Black "O'Donnell, Tom"]
[Result "0-1"]
[WhiteElo "2377"]
[BlackElo "2515"]
[PlyCount "120"]
[GameId "2160767912519915"]
[EventDate "1989.??.??"]
[EventCountry "CAN"]

1. e4 c5 2. Nf3 Nf6 3. Nc3 d6 4. d4 cxd4 5. Nxd4 g6 6. Bc4 Bg7 7. h3 O-O 8. Bb3 Nc6 9. Be3 Nxd4 10. Bxd4 b5 11. Nxb5 Nxe4 12. Bxg7 Kxg7 13. Qd5 Rb8 14. Qxe4 Rxb5 15. O-O-O Bb7 16. Qd3 Rc5 17. f3 Qc8 18. Rhe1 Qc7 19. Qd4+ Kg8 20. Qh4 e6 21. Qf6 Rf5 22. Qd4 Bd5 23. Qc3 Qxc3 24. bxc3 Bxb3 25. cxb3 Rc5 26. Rxd6 Rxc3+ 27. Kb2 Rfc8 28. Rd8+ Rxd8 29. Kxc3 Kf8 30. b4 Ke7 31. a4 Rd5 32. Re2 Kd6 33. b5 Kc5 34. Re4 Kb6 35. Kb4 Rd2 36. a5+ Kb7 37. Rc4 Rb2+ 38. Ka4 Ra2+ 39. Kb4 Rb2+ 40. Kc5 Rxg2 41. Rd4 Rc2+ 42. Kd6 Rc7 43. Rd3 Kc8 44. Rb3 Rd7+ 45. Kc6 Rd5 46. a6 Kb8 47. b6 axb6 48. Rxb6+ Ka7 49. Rb7+ Kxa6 50. Rxf7 Rh5 51. Kd6 e5 52. Kd5 Kb6 53. Ke4 Kc6 54. Ra7 Kd6 55. Ra6+ Ke7 56. Ra8 Rh4+ 57. Ke3 Kf6 58. Kf2 Rxh3 59. Kg2 Rh4 60. Kg3 Rb4 0-1

[Event "British Columbia-ch 8788"]
[Site "Vancouver CAN"]
[Date "1987.??.??"]
[Round "6"]
[White "O'Donnell, Tom"]
[Black "Fullbrook, Nigel"]
[Result "1/2-1/2"]
[WhiteElo "2340"]
[BlackElo "2260"]
[PlyCount "65"]
[GameId "2160767912583580"]
[EventDate "1987.12.??"]
[EventType "tourn"]
[EventRounds "9"]
[EventCountry "CAN"]
[SourceTitle "EXT 2002"]
[Source "ChessBase"]
[SourceDate "2001.11.25"]
[SourceVersion "1"]
[SourceVersionDate "2001.11.25"]
[SourceQuality "1"]

1. e4 d6 2. d4 Nf6 3. Nc3 g6 4. Nf3 Bg7 5. Be2 O-O 6. O-O b6 7. h3 c5 8. e5 Ne8 9. dxc5 bxc5 10. exd6 Nxd6 11. Bf4 Na6 12. Qd2 Rb8 13. Rad1 Rxb2 14. Nb5 Nb4 15. Nxd6 Rxc2 16. Qe3 exd6 17. Rxd6 Qa5 18. a3 Na2 19. Bh6 Qc3 20. Bd3 Bxh6 21. Qxh6 Rc1 22. Rxc1 Nxc1 23. Ng5 Qg7 24. Qxg7+ Kxg7 25. Bc4 Re8 26. Rc6 Bf5 27. Rc7 Bd3 28. Rxf7+ Kh6 29. h4 Kh5 30. Rxh7+ Kg4 31. Bxd3 Nxd3 32. f3+ Kf4 33. Ne4 1/2-1/2